|
|
|
|
| LEADER |
00786nam a2200217 i 4500 |
| 001 |
c000103913 |
| 003 |
CARM |
| 005 |
00000000000000.0 |
| 008 |
790313s1979 nyu 00011 eng |
| 019 |
1 |
|
|a 1424199
|5 LACONCORD2021
|
| 020 |
|
|
|a 0698109503 :
|c $10.95
|
| 035 |
|
|
|a (OCoLC)4804288
|5 LACONCORD2021
|
| 050 |
0 |
0 |
|a PZ4.K52165
|b Cl 1979
|a PS3561.I476
|
| 100 |
1 |
|
|a King, Harold,
|d 1945-
|
| 245 |
1 |
0 |
|a Closing ceremonies /
|c Harold King.
|
| 260 |
|
|
|a New York :
|b Coward, McCann & Geoghegan,
|c c1979.
|
| 300 |
|
|
|a 370 p. ;
|c 24 cm.
|
| 852 |
8 |
|
|b CARM
|h A2:AD38A0
|i B03122
|p 0150925
|f BK
|
| 082 |
0 |
4 |
|a 813/.5/4
|
| 999 |
f |
f |
|i 67ae1467-57f7-5164-8021-d6337052f3a3
|s ae21eae7-a150-5d61-87db-1d9f62849180
|
| 952 |
f |
f |
|p Can circulate
|a CAVAL
|b CAVAL
|c CAVAL
|d CARM 1 Store
|e B03122
|f A2:AD38A0
|h Other scheme
|i book
|m 0150925
|